| 000 | 00377 a2200133 4500 | ||
|---|---|---|---|
| 999 |
_c12280 _d12280 |
||
| 003 | OSt | ||
| 005 | 20240117101913.0 | ||
| 008 | 240117b ||||| |||| 00| 0 eng d | ||
| 020 | _a9780142181225 | ||
| 100 | _aRonald M. Shapiro | ||
| 245 | _aPerfecting your pitch : how to succeed in business and in life by finding words that work | ||
| 260 |
_bPenguin USA _c2013 |
||
| 942 | _2ddc | ||